Miasta w Japonii mające powyżej 1 000 000 mieszkańców - Statystyki

Ogólne statystyki
  • Ten quiz został rozwiązany 22 razy
  • Średni wynik to 7 z 12
Statystyki odpowiedzi
Populacja Miasto % Poprawnych
9.272.740 Tokio
100%
2.691.185 Osaka
94%
2.295.638 Nagoja
89%
1.475.183 Kioto
83%
1.952.356 Sapporo
83%
1.194.034 Hiroszima
72%
3.724.844 Jokohama
50%
1.538.681 Fukuoka
44%
1.082.159 Sendai
39%
1.475.213 Kawasaki
28%
1.537.272 Kobe
17%
1.263.969 Saitama
11%
Nie znaleziono quizów pasujących do podanych kryteriów
Rozkład punktacji
Procent ludzi z każdym wynikiem
Percentyl według liczby udzielonych odpowiedzi
Twoja historia wyników
Nie rozwiązałeś tego quizu